000 00481nam a2200169Ia 4500
008 240729s9999 xx 000 0 und d
022 _a2549-2896
245 0 _aCommunication in Biomathematical Sciences
260 _aIndonesia
260 _bIndonesian Bio-Mathematical Society
650 _a Biology (General) | Science
650 _a Mathematics
650 _aScience
856 _uhttps://doaj.org/toc/1f89e3ced6a14001a804d3d7e3d2b41d
942 _2ddc
942 _cDOAJEJ
999 _c70891
_d70891
945 _a1
_bMadushi Gamage
_c1
_dMadushi Gamage